| 000 | 00461cam a22001457a 4500 | ||
|---|---|---|---|
| 008 | 180718b2009 xxu||||| |||| 00| 0 eng d | ||
| 082 | _aT300x54 R299rw | ||
| 100 | _aReserve Bank of India | ||
| 245 | _aReport of the working group to review the business correspondent model | ||
| 260 |
_aMumbai _bThe author _c2009 |
||
| 300 | _a31p. | ||
| 500 | _aChairman: P. Vijaya Bhaskar | ||
| 650 | _aBusiness management - India | ||
| 700 | _aVijaya Bhaskar, P. (Chairman) | ||
| 999 |
_c485068 _d485068 |
||